El Alto costo de la vida

Uloženo v:
Podrobná bibliografie
Hlavní autor: Osorio Paz, Saúl
Médium: Text
Vydáno: Guatemala: s.e.
Tagy: Přidat tag
Žádné tagy, Buďte první, kdo vytvoří štítek k tomuto záznamu!

MARC

LEADER 00000 a a2200000 04500
001 25198
003
040
090 |a 180200  
100 |a Osorio Paz, Saúl  
245 |a El Alto costo de la vida  
260 |a Guatemala:   |b s.e.  
300 |a 22 p.  
999 |c 1274  |d 1274